| Registos Bibliográficos associados ao registo de autoridade |
|
Etiqueta de registo: 00000nam 2200025 450 001 2278545 003 http://id.bnportugal.gov.pt/bib/catbnp/2278545 100 ## $a20260310d2025 k y0pory01030103ba 101 0# $apor$deng 102 ## $aPT 105 ## $ay m 000yy 106 ## $ar 200 1# $aPolíticas de moralidade em Portugal$fInês Filipa dos Santos Almeida$gorient. Patrícia Silva, Luís Filipe Mota 210 #9 $aAveiro$c[s.n.],$d2025 215 ## $a[7] f., VII, 258 p.$d30 cm 300 ## $aAcesso não autorizado por um periodo de 2 anos 328 #1 $aTese dout. Ciência Política, Universidade de Aveiro, 2025 675 ## $a323(469)(043)$vBN$zpor$31516114 675 ## $a328.3(469)(043)$vBN$zpor$31253545 700 #1 $aAlmeida,$bInês Filipa dos Santos$31990266 702 #1 $aSilva,$bPatrícia$4727$3298214 702 #1 $aMota,$bLuís Filipe$4727$31990268 801 #0 $aPT$bBN$gRPC 966 ## $lBN$mFGMON$sS.C. 168871 V.$x1 971 ## $corlando$d20260310 972 ## $e0$z0$d20260413$vlrevez 973 ## $ctrodrigues$d20260409
|
|
|